00758nam a2200169 a 450000500170000000800410001702000180005805000240007624500740010026000350017430000170020944000380022650000200026452002670028465000110055165000260056220140412111312.0010326s19uu xx 00 eng d a0-7835-1312-7 aREF 170bC54Sa v.13 aSaving the old apple tree :ba book about caring for the environment. aAsia :bTime Life Asia,c1997. a29 p. ; ill. aA Child's First Library of Values aw/ casette tape aTo make way for a new railway, much-loved old apple tree in a quite country village is threatened with being cut down. As the adults of the village take up their saws and axes, it is up to the children to remind them of the importance of nature and environment. aValues aEnvironment - Fiction